Lubricating Greases : Their Manufacture and Use /

שמור ב:
מידע ביבליוגרפי
מחבר ראשי: Klemgard, E.N (autor)
פורמט: ספר
שפה:אנגלית
יצא לאור: Nueva York, EUA : Reinhold, 1937, c1937
נושאים:
תגים: הוספת תג
אין תגיות, היה/י הראשונ/ה לתייג את הרשומה!

MARC

LEADER 00000nam^a2200000^a^4500
001 000064223
005 20250521000000.0
009 20260310091055.096
037 |a Acervo ITESO - Biblioteca 
041 |a ING 
082 |a 621. 89  |b KLE 
100 |a Klemgard, E.N.  |e (autor) 
245 1 0 |a Lubricating Greases :  |b Their Manufacture and Use /  |c E.N. Klemgard. 
264 4 |a Nueva York, EUA :  |b Reinhold,  |c 1937, c1937 
300 |a 873 p. 
336 |a texto  |b txt  |2 rdacontenido 
337 |a sin mediación  |b n  |2 rdamedio 
338 |a volumen  |b nc  |2 rdasoporte 
649 |a XX 
650 |a Lubricación -  |x Tema Principal 
650 |a Industria Aceitera 
650 |a Petroquímica 
650 |a Ingeniería Química 
910 |a Fondo General 
920 |a Impresos - Libros 
930 |a Colección General 
905 |a 101 
901 |a 0500017497  |b IT1  |c ACC  |u 20250521 
902 |a https://opac.biblio.iteso.mx/vufind/Record/000064223